|
|
|
|
| LEADER |
00979nam a22002652a 4500 |
| 001 |
000961654 |
| 003 |
CZ BrMZK |
| 005 |
20121017121613.0 |
| 007 |
ta |
| 008 |
090820s1961 xr bf er|||||||||||cze d |
| 015 |
|
|
|a cnb000612621
|
| 035 |
|
|
|a (OCoLC)85467239
|
| 040 |
|
|
|a ABA001
|b cze
|c OSA001
|d ABA001
|d BOA001
|
| 100 |
1 |
|
|a Kunc, Josef
|7 jx20041206014
|4 aut
|
| 245 |
1 |
0 |
|a Předpisy pro řidiče o bezpečnosti dopravy /
|c Josef Kunc, Karel Slavík, Jan Sedloň
|
| 250 |
|
|
|a 1. vyd.
|
| 260 |
|
|
|a Praha :
|b Nakladatelství dopravy a spojů,
|c 1961
|f (KNT 3)
|
| 300 |
|
|
|a 383 s., obr. příl. :
|b il., mapy ;
|c 8°
|
| 700 |
1 |
|
|a Sedloň, Jan
|7 mzk2012726875
|4 aut
|
| 700 |
1 |
|
|a Slavík, Karel
|7 jx20050920036
|4 aut
|
| 910 |
|
|
|a BOA001
|b 1-0463.794
|
| 990 |
|
|
|a BK
|
| 991 |
|
|
|b 200908
|
| 996 |
7 |
|
|b 2619435355
|c 1-0463.794
|l MZK
|r Sklad / do 1 hodiny
|n 5
|w 000961654
|u 000020
|a 1
|e BOA001
|j MZK50
|s A
|
| 996 |
6 |
|
|b 2619435356
|c 1-0463.794
|l MZK
|r Sklad / do 1 hodiny
|n 0
|w 000961654
|u 000010
|a 1
|e BOA001
|j MZK50
|s P
|